Trouve les paroles de Night Heights de Jain - Statistiques

Statistiques générales
  • Ce quiz a été pris 4 fois
  • Le résultat moyen est 284 sur 336
Statistiques - réponses
Hint Réponse % Correct
. a
100%
. | .. Baby
100%
. be
100%
. | .. Can
100%
. can
100%
. eyes
100%
. | .. feel
100%
. | .. I
100%
. in
100%
. inside
100%
. Inside
100%
. it
100%
. lost
100%
. | .. love
100%
. me
100%
. night
100%
. Night
100%
. | .. of
100%
. saturday
100%
. | .. the
100%
. | .. you
100%
. | .. your
100%
. | .. all
75%
. and
75%
. by
75%
. high
75%
. | .. I'm
75%
. it's
75%
. moon
75%
. | .. my
75%
. Oh
75%
. | .. on
75%
. Paris
75%
. rainin
75%
. see
75%
. seeing
75%
. skin
75%
. | .. so
75%
. too
75%
. | .. what
75%
.. are
50%
. as
50%
. away
50%
. back
50%
. beats
50%
. breath
50%
. | .. But
50%
. cannot
50%
. can't
50%
. Can't
50%
. caught
50%
. cause
50%
. crazy
50%
. dancin
50%
. demons
50%
. desire
50%
. dew
50%
. dreamin
50%
. Every
50%
. Facin
50%
. fallin
50%
. Flashin
50%
.. from
50%
. gaze
50%
. go
50%
. hands
50%
. heart
50%
. Holdin
50%
. insomniac
50%
. is
50%
. keep
50%
. lights
50%
. lips
50%
. loud
50%
. lover's
50%
. Maybe
50%
. | .. maybe
50%
. meet
50%
. rise
50%
. sound
50%
. Strummin
50%
. surprise
50%
. tastin
50%
.. tears
50%
. think
50%
. Time
50%
. time
50%
. wanna
50%
. with
50%
. yeah
50%
Aucun quiz correspondant
Distribution des résultats
% des personnes avec chaque résultat
Percentile par nombre de réponses
Votre historique - résultats
Vous n’avez pas pris ce quiz